| 000 | 00749nam a22002297a 4500 | ||
|---|---|---|---|
| 999 |
_c24519 _d24519 |
||
| 005 | 20230529151115.0 | ||
| 008 | 721219s1962 nyu 000 0 eng | ||
| 010 | _aB-340992-341019 ENG-137076 | ||
| 020 |
_c195.00 _a9789380816418 |
||
| 035 | _aB-340992-341019 EN-120608 | ||
| 037 | _bNoida Book Publishing | ||
| 040 |
_adpl _bEnglish |
||
| 082 | _aN | ||
| 100 | _aLawrence, D. H. | ||
| 245 |
_aSons and lovers / _cby D.H. Lawrence |
||
| 260 |
_aNoida _bNoida Book Publishing _c2008 |
||
| 270 |
_aB-114, Sector-55, Noida _bNoida |
||
| 300 |
_a384 p _c24cm (Hb) |
||
| 650 | _aEnglish fiction | ||
| 942 |
_2ddc _cEN _mLAW _hN |
||